000 00553nmm a2200193Ia 4500
008 251105s9999||||xx |||||||||||||||||und||
020 _a8484296032
041 _aspa
100 _aGómez Alemany, Isabel
245 0 _aEl aprendizaje de los contenidos escolares
264 _a[Madrid, España] :
_bUOC Papers,
_c2002
300 _a72 páginas
650 _aEducation
700 _aGómez Alemany, Isabel
700 1 _a Valls Jiménez, Enric
700 1 _a Mauri, Teresa
856 _uhttps://public.digitaliapublishing.com/a/5742
942 _cCF
999 _c66197
_d66197